| 000 | 00739 a2200169 4500 | ||
|---|---|---|---|
| 003 | Nust | ||
| 005 | 20170207154204.0 | ||
| 040 | _cNust | ||
| 082 | _a510 | ||
| 100 | _aA.Pipes, Louis | ||
| 245 |
_aApplied Mathematics for Engineers and Physicists _cLouis A.Pipes, |
||
| 250 | _a3rd Ed | ||
| 260 |
_aMcGraw Hill Book Comany _bNew York _c1958 |
||
| 300 | _a1015 p | ||
| 505 | _aThe Theory of Complex Variables (Page-1) Linear Differntial Equations (Page-53) Laplace Transforms (Page-143) Oscillations of Linear Mechanical Systems (Page-223) Transfer Functions and Impulse (Page-306) The Wave Equation (Page-435) Operaiional Mehtods in Applied Mathematical (Page-483) The Analysis of Nonlinear (Page-596) | ||
| 650 | _aApplied Mathematics | ||
| 942 |
_2ddc _cBK |
||
| 999 |
_c194816 _d194816 |
||